| 000 | 00540nam a2200157 a 4500 | ||
|---|---|---|---|
| 001 | 000040352 | ||
| 005 | 20201002034058.0 | ||
| 008 | 130822s2004 sp 000 0 spa d | ||
| 040 |
_aDO-SdBNP _bspa _cBNPHU |
||
| 100 | 1 |
_aBlanco Ibañez, V. _966649 |
|
| 245 | 1 | 3 |
_aEl libro de las mil noches y una noche / _cV. Blanco Ibañez ; traductor J. C. Mardrus ; prólogo de E. Gómez Carrillo. |
| 260 |
_aValencia : _bPrometeo, _c[196?]. |
||
| 300 |
_a245 p. ; _c19 cm. |
||
| 700 | 1 |
_aMardrus, J. C. _etr. _966650 |
|
| 700 | 1 |
_aGómez Carrillo, E. _966651 |
|
| 999 |
_c39842 _d39842 |
||